| 000 | 00700nam a2200229 a 4500 | ||
|---|---|---|---|
| 005 | 20140310183331.0 | ||
| 008 | 060822s19uu xx 00 eng d | ||
| 020 | _a139780060516406 | ||
| 050 |
_aHF 5386 _b.C735 2002 |
||
| 100 | _aCollins, James C. | ||
| 245 |
_aBuilt to last: _bsuccessful habits of visionary companies. / |
||
| 260 |
_aU.S.A : _bCollins Business Essentials, _c2002. |
||
| 300 |
_a342 p. : _bill. ; _c19 cm. |
||
| 521 | _aBSBA | ||
| 650 |
_aSuccess in business _xUnited States. |
||
| 650 |
_aIndustrial management _xUnited States. |
||
| 650 |
_aEntrepreneurship _xUnited States. |
||
| 700 | _aPorras, Jerry I. | ||
| 942 |
_cBK _2lcc _kFOR |
||
| 999 |
_c21550 _d21550 |
||